01697nam a2200241Ia 4500001000600000003000900006008004100015040001300056040001300069041001300082100001600095100002900111245011000140245011000250250001100360260001100371260002400382260004900406300005700455500087700512650003501389650003101424H4765IT-RoPAU130308s9999 xx 000 0 und d aIT-RoPAU cIT-RoPAU aITALIANO aFerri Paolo gCodice Aut. SPICS: 50168 aFine dei mass media. Le nuove tecnologie della comunicazione e le trasformazioni dell'industria culturale bFine dei Mass Media. Le nuove tecnologie della Comunicazione e le Trasformazioni dell'industria Culturale a1a ed. aMILANO bGuerini E Associati c2004 [1° Ed.:2004 - Ed.Ling.Originale:2004] a"136 p. (prefazione: no ; testo: 136 [pagine: 0-0])" aIntroduzione: Benvenuti Sulle strade del Virtuale. Cap. 1: Prologo, Mass Media contro Personal Media. Cap. 2: Struttura della Galassia Digitale, Capitalismo Culturale e Capitalismo Informazionale. Cap. 3: Nascita di un Ambiente Digitale Esteso della Comunicazione. Cap. 4: Convergenza/Divergenza Digitale, Aspetti comunicativi e Sociali. Cap. 5: Modelli Economici del Capitalismo Digitale, integrazione di Bit e Atomi. Cap. 6: Dall'Ediotoria Tradizionale al Content Providing. Cap. 7: imprese del settore Rrc si Infrastrutturano Come Content Provider Digitali. Cap. 8: nuove specie in via di Evoluzione, le Università e I centri di Formazione Come Content Provider Digitaliglobali. Cap. 9: mercato dell'industria Culturale Italiana in Transizione.Cap. 10: Sommersi e Salvati, Lato Oscuro della globalizzazione e del Capitalismo Informazionale. Riferimenti Bibliografici. aSAGGI DI COMUNICAZIONE SOCIALE eCodice materia Spics: 3807